00411nam a22001337a 4500008004100000020001800041040005500059080001600114100002300130245006600153260003600219300001000255650001200265230525b |||||||| |||| 00| 0 eng d a9780099273455 aNational Science LibrarycNational Science Library a56:594 bP0 aGould, Stephen Jay aWonderful life: bThe burgess shale and the nature of history aLondon: bVintage Books, c2000 a347p. aScience